Credit Lyonnais na Slovensku.

11.2.1993 podpísanie dokumentov o vzniku novej banky so sídlom v Bratislave pod názvom Credit Lyonnais bank Slovakia, s podielom 90 perc. francúzskej banky a 10 perc. Všeobecnej úverovej banky. Prínos Credit Lyonnais pre celú ekonomiku Slovenska a pre podnikovú sféru. Základným cieľom je vybudovať u...

Descrizione completa

Salvato in:
Dettagli Bibliografici
Autore principale: Valach, V.
Natura: Capitolo di libro
Lingua:slovacco
Soggetti:
Tags: Aggiungi Tag
Nessun Tag, puoi essere il primo ad aggiungerne!!

MARC

LEADER 00000naa a2200000 4500
001 r011955
005 20220826093235.6
041 0 |a slo 
044 |a SK 
245 1 0 |a Credit Lyonnais na Slovensku.  |c V. Valach 
520 |a 11.2.1993 podpísanie dokumentov o vzniku novej banky so sídlom v Bratislave pod názvom Credit Lyonnais bank Slovakia, s podielom 90 perc. francúzskej banky a 10 perc. Všeobecnej úverovej banky. Prínos Credit Lyonnais pre celú ekonomiku Slovenska a pre podnikovú sféru. Základným cieľom je vybudovať univerzálnu devízovú banku so zvláštnym dôrazom na moderné bankové produkty a know-how. Význam francúzskej banky na Slovenskom trhu. 
610 2 0 |a Credit Lyonnais bank Slovakia 
610 2 0 |a Francúzsko 
610 2 0 |a Slovensko 
610 2 0 |a zmluvy medzinárodné 
610 2 0 |a VÚB Bratislava 
610 2 0 |a banky devízové 
100 1 |a Valach, V.